000 00360 a2200157 4500
001 157088
020 _a9788508171897
040 _cEscola São Tomás de Aquino
100 _aSABINO, Fernando
240 1 0 _aCara ou coroa ?
_lpor
245 1 0 _aCara ou coroa ?
300 _a123 p.
362 0 _a2015
697 _a*LITERATURA INFANTO JUVENIL
942 _cBK
999 _c157088
_d157088